Darts WM 2026 - Sechzehntelfinale - Statistiken

Allgemein
  • Dieses Quiz wurde 200 mal gespielt
  • Das Durchschnittsergebnis liegt bei 18 aus 32
Antwortstatistiken
Spieler 1 : Spieler 2 % Korrekt
Luke Littler : .
98%
Luke Humphries :
96%
Michael van Gerwen :
96%
Martin Schindler :
85%
Gabriel Clemens :
81%
Gary Anderson :
81%
Gian van Veen :
80%
Arno Merk :
74%
Ryan Searle :
72%
Josh Rock :
70%
Justin Hood :
70%
Ricardo Pietreczko :
70%
Jonny Clayton :
68%
Stephen Bunting :
67%
Krzysztof Ratajski :
56%
Rob Cross :
56%
Mensur Suljovic :
55%
Andreas Harrysson :
53%
Nathan Aspinall :
51%
Ricky Evans :
49%
Charlie Manby :
41%
Wesley Plaisier :
41%
Luke Woodhouse :
40%
James Hurrell :
38%
Jermaine Wattimena :
36%
Kevin Doets :
34%
Callan Rydz :
33%
Damon Heta :
33%
Andrew Gilding :
30%
Ryan Meikle :
25%
Madars Razma :
20%
Niels Zonneveld :
20%
Keine übereinstimmenden Quizze gefunden
Verteilung der Resultate
Anzahl Personen mit jedem Resultat
Perzentil nach korrekt beantworteten Fragen
Ihre Resultats-Entwicklung
Sie haben dieses Quiz noch nicht gespielt